[Event "Irena Warakomska Memorial B"]
[Site "Suwalki"]
[Date "2018.08.08"]
[Round "9"]
[White "Wolagiewicz, Kinga"]
[Black "Choinska, Debora"]
[Result "1/2-1/2"]
[Board "29"]
[WhiteElo "1611"]
[WhiteCountry "POL"]
[WhiteFideId "1195212"]
[WhiteEloChange "-2"]
[BlackElo "1555"]
[BlackCountry "POL"]
[BlackFideId "1185144"]
[BlackEloChange "2"]

1. e4 {[%clk 1:30:30]} d6 {[%clk 1:30:30]} 2. d4 {[%clk 1:30:30]} Nf6 {[%clk
1:30:30]} 3. Nc3 {[%clk 1:30:30]} Nbd7 {[%clk 1:30:30]} 4. f4 {[%clk 1:30:30]} e5
{[%clk 1:30:30]} 5. Nf3 {[%clk 1:30:30]} exd4 {[%clk 1:30:30]} 6. Qxd4 {[%clk
1:30:30]} c5 {[%clk 1:30:30]} 7. Qd3 {[%clk 1:30:30]} Nb6 {[%clk 1:30:30]} 8. Be3
{[%clk 1:30:30]} Be7 {[%clk 1:30:30]} 9. O-O-O {[%clk 1:30:30]} a6 {[%clk
1:30:30]} 10. h3 {[%clk 1:30:30]} Be6 {[%clk 1:30:30]} 11. f5 {[%clk 1:30:30]}
Bc4 {[%clk 1:30:30]} 12. Qd2 {[%clk 1:30:30]} Bxf1 {[%clk 1:30:30]} 13. Rhxf1
{[%clk 1:30:30]} Nc4 {[%clk 1:30:30]} 14. Qe2 {[%clk 1:30:30]} Nxe3 {[%clk
1:30:30]} 15. Qxe3 {[%clk 1:30:30]} Qc7 {[%clk 1:30:30]} 16. g4 {[%clk 1:30:30]}
h6 {[%clk 1:30:30]} 17. Kb1 {[%clk 1:30:30]} O-O-O {[%clk 1:30:30]} 18. Nd5
{[%clk 1:30:30]} Nxd5 {[%clk 1:30:30]} 19. Rxd5 {[%clk 1:30:30]} Rhe8 {[%clk
1:30:30]} 20. Rfd1 {[%clk 1:30:30]} Kb8 {[%clk 1:30:30]} 21. e5 {[%clk 1:30:30]}
dxe5 {[%clk 1:30:30]} 22. Qxe5 {[%clk 1:30:30]} f6 {[%clk 1:30:30]} 23. Rxd8+
{[%clk 1:30:30]} Rxd8 {[%clk 1:30:30]} 24. Qxc7+ {[%clk 1:30:30]} Kxc7 {[%clk
1:30:30]} 25. Rxd8 {[%clk 1:30:30]} Bxd8 {[%clk 1:30:30]} 26. c4 {[%clk 1:30:30]}
Kd7 {[%clk 1:30:30]} 27. Kc2 {[%clk 1:30:30]} Bc7 {[%clk 1:30:30]} 28. Kd3 {[%clk
1:30:30]} Kc6 {[%clk 1:30:30]} 29. Ke4 {[%clk 1:30:30]} b5 {[%clk 1:30:30]} 30.
b3 {[%clk 1:30:30]} Bg3 {[%clk 1:30:30]} 31. Ng1 {[%clk 1:30:30]} b4 {[%clk
1:30:30]} 32. Ne2 {[%clk 1:30:30]} Be5 {[%clk 1:30:30]} 33. Nc1 {[%clk 1:30:30]}
Bb8 {[%clk 1:30:30]} 34. Nd3 {[%clk 1:30:30]} Bc7 {[%clk 1:30:30]} 35. Ne1 {[%clk
1:30:30]} Bg3 {[%clk 1:30:30]} 36. Ng2 {[%clk 1:30:30]} Bc7 {[%clk 1:30:30]} 37.
Ne3 {[%clk 1:30:30]} Be5 {[%clk 1:30:30]} 1/2-1/2

[Event "Irena Warakomska Memorial B"]
[Site "Suwalki"]
[Date "2018.08.08"]
[Round "9"]
[White "Milchenko, Valerii"]
[Black "Huchwajda, Grzegorz"]
[Result "1-0"]
[Board "31"]
[WhiteElo "1825"]
[WhiteCountry "RUS"]
[WhiteFideId "34174491"]
[WhiteEloChange "3"]
[BlackElo "1523"]
[BlackCountry "POL"]
[BlackFideId "21806357"]
[BlackEloChange "-3"]

1. e4 {[%clk 1:30:30]} c5 {[%clk 1:30:30]} 2. Nf3 {[%clk 1:30:30]} e6 {[%clk
1:30:30]} 3. d4 {[%clk 1:30:30]} cxd4 {[%clk 1:30:30]} 4. Nxd4 {[%clk 1:30:30]}
Nf6 {[%clk 1:30:30]} 5. Bd3 {[%clk 1:30:30]} Nc6 {[%clk 1:30:30]} 6. Nxc6 {[%clk
1:30:30]} dxc6 {[%clk 1:30:30]} 7. O-O {[%clk 1:30:30]} e5 {[%clk 1:30:30]} 8. b3
{[%clk 1:30:30]} Bd6 {[%clk 1:30:30]} 9. Bb2 {[%clk 1:30:30]} O-O {[%clk
1:30:30]} 10. Nd2 {[%clk 1:30:30]} Re8 {[%clk 1:30:30]} 11. Nc4 {[%clk 1:30:30]}
Bc7 {[%clk 1:30:30]} 12. h3 {[%clk 1:30:30]} b5 {[%clk 1:30:30]} 13. Ne3 {[%clk
1:30:30]} Be6 {[%clk 1:30:30]} 14. Qe2 {[%clk 1:30:30]} a6 {[%clk 1:30:30]} 15.
Rad1 {[%clk 1:30:30]} Qe7 {[%clk 1:30:30]} 16. g4 {[%clk 1:30:30]} h6 {[%clk
1:30:30]} 17. Nf5 {[%clk 1:30:30]} Qf8 {[%clk 1:30:30]} 18. Bc1 {[%clk 1:30:30]}
Kh7 {[%clk 1:30:30]} 19. Qf3 {[%clk 1:30:30]} Ng8 {[%clk 1:30:30]} 20. Kh1 {[%clk
1:30:30]} g6 {[%clk 1:30:30]} 21. Ng3 {[%clk 1:30:30]} Qe7 {[%clk 1:30:30]} 22.
c4 {[%clk 1:30:30]} Qh4 {[%clk 1:30:30]} 23. Kg2 {[%clk 1:30:30]} Qe7 {[%clk
1:30:30]} 24. Qe3 {[%clk 1:30:30]} Bd6 {[%clk 1:30:30]} 25. cxb5 {[%clk 1:30:30]}
cxb5 {[%clk 1:30:30]} 26. Bb2 {[%clk 1:30:30]} f6 {[%clk 1:30:30]} 27. Bc1 {[%clk
1:30:30]} Bc5 {[%clk 1:30:30]} 28. Qe2 {[%clk 1:30:30]} Red8 {[%clk 1:30:30]} 29.
f4 {[%clk 1:30:30]} Bf7 {[%clk 1:30:30]} 30. g5 {[%clk 1:30:30]} exf4 {[%clk
1:30:30]} 31. gxf6 {[%clk 1:30:30]} Nxf6 {[%clk 1:30:30]} 32. Bxf4 {[%clk
1:30:30]} Be6 {[%clk 1:30:30]} 33. Kh2 {[%clk 1:30:30]} Rf8 {[%clk 1:30:30]} 34.
e5 {[%clk 1:30:30]} Nd5 {[%clk 1:30:30]} 35. Bxg6+ {[%clk 1:30:30]} Kg7 {[%clk
1:30:30]} 36. Bxh6+ {[%clk 1:30:30]} Kg8 {[%clk 1:30:30]} 37. Nf5 {[%clk
1:30:30]} Bxf5 {[%clk 1:30:30]} 38. Bxf5 {[%clk 1:30:30]} 1-0